00229nam a2200097Ia 4500008004100000100002200041245002800063260002400091300000800115650000800123191201s2009 xx 000 0 und d aROBBINS,Stephen P 0aOrganizational Behavior aN. delhibPHIc2009 a716 aBBA